000 00583nam a2200193Ia 4500
999 _c32131
_d32131
003 OSt
005 20200804121053.0
008 190216s9999||||xx |||||||||||||| ||und||
020 _a9788120321212
040 _coclc
082 _a511
_bGOO/D
100 _aGoodaire, Edgar G
_93772
245 0 _aDiscrete Mathematics With Graph Theory /
_cEdgar G Goodaire ; Michael M Parmenter
250 _a2nd Ed.
260 _bPrentice Hall Of India Pvt Ltd,
_aNew Delhi:
_c2002.
300 _a545p
650 _aMathematics
942 _cBK
_2ddc
_h511
_iGOO/D
_k511
_mGOO/D